00819 2200157 4500245006400000020002200064250001000086100004000096650001700136005001900153260003000172041001400202084000800216300002100224500041600245 aThe Special GirlcSeizza Rahdianny Shafsafia Az-ZahrahText a978-602-420-110-4 aCet.1 aSeizza Rahdianny Shafsafia Az-Zahra aFiksi Remaja a20250131103910 aBandungbDAR! Mizanc2017 aIndonesia a813 a80 hlm. :c21 cm aSarah sangat sedih karena Angetica, boneka kesayangannya, rusak. Sarah menyalahkan Peter dan tak mau bicara lagi dengan kakak kesayangannya itu. Peter sangat sedih. Saat badai musim dingin menghantui penduduk di bukit terebcano,Peter keluar rumah diam diam.Dia menuju toko yang mirip angelia.sayangnya,boneka yang dicari peter tidak ada.apa yang aka dilakukan peter untuk meluluh hati adik nya?yu,ikuti kisahnya